000 00426nam a22001697a 4500
003 MPLRDC
005 20220104124244.0
008 210129b ||||| |||| 00| 0 eng d
082 _a571.19 DST
100 _a吉斯卡尔. 德斯坦
245 _a法兰西民主
_c新文、诗云译
250 _a一版一刷
260 _a
_b商务印书馆
_c1980
300 _b
650 _a国家主义
942 _cBK
_o571.19 DST
999 _c17873
_d17863